000
00273nam a2200109Ia 4500
008
231219s9999 xx 000 0 und d
041
_a
eng
100
_a
O.P.Hall
245
_a
Computer Models For Operations Management
260
_b
Addison Wesley
650
_a
Management
999
_c
976886
_d
976886